000 00977nam a2200217Ia 4500
003 Ost
005 20260507075125.0
008 260507s9999||||xx |||||||||||||| ||und||
040 _cfsecg
041 _aara
082 _a330
100 _aصبري ، عزام
_eمؤلف
245 0 _aالإحصاء الوصفي ونظام SPSS /
_c عزام صبري
260 _aعمان:
_bعالم الكتب الحديث,
_c2006
300 _a454 صفحة؛
_bإيضاحات ؛
_c24 سم
520 _aمقدمة لدراسة الإحصاء-مقاييس النزعة المركزية-مقاييس التشتت-العزوم-التوزيع الطبيعي نظرية الإحتمالات-الإرتباط والإنحدار بالسلاسل الزمنية-الأرقام القياسية-الإحصاءات الحيوية
653 _aالإحصاء الوصفي
653 _aالبيانات الإحصائية
653 _aالتحليل الإحصائي
942 _cكتاب
999 _c43136
_d43136